[Event "39th Trusts Chess Open A"]
[Site "Henderson, Auckland NZL"]
[Date "2016.06.06" ]
[Round "5"]
[White "McLaren, Leonard J"]
[Black "Hague, Ben"]
[Result "0-1"]
[WhiteElo "2330"]
[BlackElo "2428"]
[PlyCount "0"]
[EventDate "2016.06.04"]
[SourceDate ""]

1. e4 c5 2. Nf3 Nc6 3. c3 d5 4. exd5 Qxd5 5. d4 Bf5 6. Be3 e6 7. dxc5 Qxd1+ 8.
Kxd1 O-O-O+ 9. Nbd2 Nf6 10. b4 Nd5 11. Rc1 Be7 12. Bb5 Bf6 13. Bxc6 bxc6 14.
Nd4 Nxc3+ 15. Rxc3 Bxd4 16. Ra3 Bxe3 17. fxe3 Rd3 18. Rxd3 Bxd3 19. Kc1 Kc7 20.
Nf3 Rb8 21. a3 a5 22. Rd1 Bg6 23. Rd4 axb4 24. axb4 f6 25. Kb2 e5 26. Rh4 Rd8
27. Rc4 Bf7 28. Rc1 Rb8 29. Kc3 Ra8 30. Ne1 Ra3+ 31. Kd2 Rb3 32. Ra1 Kb7 33.
Ra4 Bc4 34. Nc2 Rd3+ 35. Kc1 Bb3 36. Ra5 Bxc2 37. Kxc2 Rxe3 38. b5 cxb5 39. Kd2
Rb3 40. Kc2 Rb4 41. c6+ Kxc6 42. Ra7 Rg4 0-1

[Event "39th Trusts Chess Open A"]
[Site "Henderson, Auckland NZL"]
[Date "2016.06.06" ]
[Round "5"]
[White "Kulashko, Alexei"]
[Black "Dive, Russell J"]
[Result "1/2-1/2"]
[WhiteElo "2429"]
[BlackElo "2452"]
[PlyCount "0"]
[EventDate "2016.06.04"]
[SourceDate ""]

1. e4 c6 2. d4 d5 3. exd5 cxd5 4. Bd3 Nc6 5. c3 Nf6 6. Bf4 Bg4 7. Qb3 Qd7 8.
Nd2 e6 9. Ngf3 a6 10. O-O Bh5 11. Ne5 Nxe5 12. dxe5 Ng8 13. c4 Ne7 14. Rac1 Bg6
15. Rfd1 Rd8 16. Bg5 Bxd3 17. Qxd3 h6 18. Bh4 g5 19. Bg3 Bg7 20. Qe2 Qa4 21.
cxd5 Rxd5 22. Ne4 O-O 23. Rxd5 Nxd5 24. b3 Qd4 25. Rd1 Nc3 26. Nxc3 Qxc3 27. h3
Rc8 28. Kh2 Qc2 29. Qf3 Rc7 30. Rd8+ Kh7 31. Rd3 Qc6 32. Qg4 Rd7 33. Rxd7 Qxd7
34. h4 gxh4 35. Qxh4 Qd5 36. Qe7 Kg6 37. Qc7 f6 38. exf6 Qh5+ 1/2-1/2

[Event "39th Trusts Chess Open A"]
[Site "Henderson, Auckland NZL"]
[Date "2016.06.06" ]
[Round "5"]
[White "Duneas, John"]
[Black "Smith, Robert W"]
[Result "1/2-1/2"]
[WhiteElo "2220"]
[BlackElo "2337"]
[PlyCount "0"]
[EventDate "2016.06.04"]
[SourceDate ""]

1. d4 Nf6 2. c4 g6 3. Nc3 Bg7 4. e4 d6 5. Be2 Na6 6. Bf4 O-O 7. Nf3 c5 8. d5
Bg4 9. O-O Nc7 10. Qd2 a6 11. Rfe1 Nd7 12. Bh6 Bxf3 13. Bxf3 b5 14. b3 Rb8 15.
Bxg7 Kxg7 16. cxb5 Nxb5 17. Nxb5 axb5 18. a4 bxa4 19. bxa4 Qb6 20. Qc3+ Kg8 21.
a5 Qb3 22. Qxb3 Rxb3 23. Bd1 Rb4 24. Bg4 Ne5 25. Be2 Rxe4 26. a6 Ra8 27. f4
Rxf4 28. Reb1 Rb4 29. Rxb4 cxb4 30. Ra4 Rb8 31. Bb5 b3 32. Rb4 e6 33. Rxb3 exd5
34. Ra3 Kf8 35. a7 Ra8 36. Kf2 d4 37. Kg3 g5 38. h4 h6 39. hxg5 hxg5 40. Kf2
Ke7 41. g3 Ke6 42. Ra4 d5 43. Ba6 Nc6 44. Bb7 Rxa7 45. Bxc6 Rc7 46. Bb5 Rc2+
47. Kf1 Ke5 48. Ra3 Rc3 49. Rxc3 dxc3 50. Bd3 f5 51. Ke2 g4 52. Ke3 d4+ 53. Kf2
f4 54. Bc2 f3 55. Bd3 Kd5 56. Ke1 Kc5 57. Kd1 Kb4 58. Kc2 f2 59. Bf1 1/2-1/2

[Event "39th Trusts Chess Open A"]
[Site "Henderson, Auckland NZL"]
[Date "2016.06.06" ]
[Round "5"]
[White "James, Jack"]
[Black "Noble, Mark F"]
[Result "0-1"]
[WhiteElo "2097"]
[BlackElo "2307"]
[PlyCount "0"]
[EventDate "2016.06.04"]
[SourceDate ""]

1. e4 c5 2. Nf3 d6 3. d4 cxd4 4. Nxd4 Nf6 5. Nc3 Nc6 6. f3 g6 7. Be3 Bg7 8. Qd2
O-O 9. O-O-O Nd7 10. g4 Nde5 11. Qg2 Nb4 12. Bd2 Nec6 13. Ndb5 a5 14. h4 a4 15.
Na3 b5 16. Naxb5 Nd4 17. Na3 Be6 18. Qg3 Rb8 19. Rg1 Qc7 20. Bh3 Ne2+ 21. Nxe2
Qxc2+ 22. Nxc2 Nd3+ 23. Kb1 Rxb2+ 24. Ka1 Rxa2+ 25. Kb1 Rb8+ 26. Nb4 Rb2+ 27.
Ka1 Nxb4 28. Bxb4 R8xb4 0-1

[Event "39th Trusts Chess Open A"]
[Site "Henderson, Auckland NZL"]
[Date "2016.06.06" ]
[Round "5"]
[White "Thornton, Giovanni A"]
[Black "Garbett, Paul A"]
[Result "0-1"]
[WhiteElo "2235"]
[BlackElo "2346"]
[PlyCount "0"]
[EventDate "2016.06.04"]
[SourceDate ""]

1. d4 f5 2. g3 Nf6 3. Bg2 g6 4. Nh3 c6 5. c4 d6 6. d5 Bg7 7. Nf4 e5 8. dxe6 Na6
9. h4 Ng4 10. O-O Nc5 11. e4 Bxe6 12. Nxe6 Nxe6 13. exf5 gxf5 14. Qe2 Qd7 15.
Re1 Kf7 16. Nd2 Rae8 17. Nf3 Nd4 18. Qd1 Rxe1+ 19. Nxe1 Qe6 20. Nd3 Re8 21. Be3
Nxe3 22. Qh5+ Qg6 23. Qxg6+ hxg6 24. fxe3 Rxe3 0-1

[Event "39th Trusts Chess Open A"]
[Site "Henderson, Auckland NZL"]
[Date "2016.06.06" ]
[Round "5"]
[White "McNabb, Matthew D"]
[Black "Li, William Xiang Wei"]
[Result "1-0"]
[WhiteElo "2187"]
[BlackElo "2149"]
[PlyCount "0"]
[EventDate "2016.06.04"]
[SourceDate ""]

1. c4 Nf6 2. Nf3 c6 3. e3 d5 4. Nc3 Bg4 5. Qb3 Qb6 6. Ne5 Be6 7. d4 Nbd7 8.
Nxd7 Bxd7 9. Qxb6 axb6 10. cxd5 Nxd5 11. Nxd5 cxd5 12. Bd3 e6 13. Bd2 Bd6 14.
Ke2 Ke7 15. Rhc1 h5 16. h3 Rhc8 17. Rxc8 Rxc8 18. f4 f6 19. Bc3 g5 20. fxg5
fxg5 21. a4 h4 22. a5 Ra8 23. b4 b5 24. e4 Kf7 25. e5 Be7 26. Kf3 Kg7 27. Ke3
Be8 28. Be2 Kg6 29. Bg4 Bd7 30. Bd2 Kg7 31. Bh5 Kh6 32. Be2 Kg7 33. Rc1 Kf7 34.
Bh5+ Kf8 35. Rf1+ Kg8 36. Rf7 Re8 37. Bg6 Bc6 38. Rh7 Bd8 39. Rxb7 Bxb7 40.
Bxe8 Ba6 41. Kf3 Kf8 42. Bh5 Bc8 43. Kg4 Be7 44. Bg6 Kg7 45. Be8 Ba6 46. Bd7
Kf7 47. Kh5 1-0

[Event "39th Trusts Chess Open A"]
[Site "Henderson, Auckland NZL"]
[Date "2016.06.06" ]
[Round "5"]
[White "Gong, Daniel Hanwen"]
[Black "Bennett, Hilton P"]
[Result "1/2-1/2"]
[WhiteElo "2218"]
[BlackElo "2052"]
[PlyCount "0"]
[EventDate "2016.06.04"]
[SourceDate ""]

1. c4 d6 2. g3 Nf6 3. Bg2 g6 4. Nc3 Bg7 5. Nf3 O-O 6. O-O c6 7. Rb1 a5 8. a3 e5
9. d3 h6 10. b4 axb4 11. axb4 Re8 12. Nd2 Be6 13. Nb3 Qd7 14. Bb2 Bh3 15. Qd2
Bxg2 16. Kxg2 Na6 17. Ne4 Nh5 18. c5 dxc5 19. Nbxc5 Nxc5 20. Nxc5 Qe7 21. Ra1
Nf6 22. Kg1 Nd5 23. e4 Nb6 24. Qe3 Qc7 25. Rxa8 Rxa8 26. Ra1 Rxa1+ {(=)} 27.
Bxa1 Nd7 28. Bc3 Nf8 29. d4 exd4 30. Bxd4 Bxd4 31. Qxd4 b6 32. Nd3 Ne6 33. Qc3
c5 34. bxc5 Nxc5 35. Nf4 Ne6 36. Qf6 Nxf4 37. gxf4 b5 38. e5 Qd7 39. Qb6 Qd1+
40. Kg2 1/2-1/2

[Event "39th Trusts Chess Open A"]
[Site "Henderson, Auckland NZL"]
[Date "2016.06.06" ]
[Round "5"]
[White "Vincenti, David"]
[Black "Sarmiento, Noel"]
[Result "1-0"]
[WhiteElo "2180"]
[BlackElo "1922"]
[PlyCount "0"]
[EventDate "2016.06.04"]
[SourceDate ""]

1. d4 d5 2. c4 dxc4 3. Nf3 Nf6 4. e3 a6 5. Bxc4 e6 6. O-O b6 7. Qe2 Bb7 8. Nc3
Be7 9. e4 O-O 10. Rd1 Re8 11. d5 exd5 12. Nxd5 Bd6 13. Bg5 Nbd7 14. Qc2 Rb8 15.
Bxf6 gxf6 16. Nd4 Qc8 17. Nf5 Bf8 18. Qe2 Kh8 19. Qh5 Rxe4 20. Qxf7 Rxc4 21.
Nde7 Bh6 22. Nxc8 1-0

[Event "39th Trusts Chess Open A"]
[Site "Henderson, Auckland NZL"]
[Date "2016.06.06" ]
[Round "5"]
[White "Ha, Huy Minh"]
[Black "Runcan, Daniel I"]
[Result "0-1"]
[WhiteElo "1850"]
[BlackElo "2004"]
[PlyCount "0"]
[EventDate "2016.06.04"]
[SourceDate ""]

1. e4 c5 2. Nf3 d6 3. d4 cxd4 4. Nxd4 Nf6 5. Nc3 a6 6. Be3 e5 7. Nb3 Be6 8. f3
Nbd7 9. Be2 b5 10. O-O Be7 11. f4 Qc7 12. f5 Bc4 13. Bxc4 Qxc4 14. Qd3 Qc6 15.
a3 Rc8 16. Rac1 Nb6 17. Bxb6 Qxb6+ 18. Kh1 Qc6 19. h3 O-O 20. Rfd1 Rfd8 21. Nd5
Nxd5 22. exd5 Qc7 23. c3 Bg5 24. Rc2 Qc4 25. Na5 Qh4 26. Re2 g6 27. Re4 Bf4 28.
fxg6 hxg6 29. g4 Kg7 30. Kg2 f5 31. gxf5 gxf5 32. Re2 Kf6 33. Rg1 Rg8+ 34. Kf1
Rxg1+ 35. Kxg1 Rg8+ 36. Rg2 0-1

[Event "39th Trusts Chess Open A"]
[Site "Henderson, Auckland NZL"]
[Date "2016.06.06" ]
[Round "5"]
[White "Timergazi, Layla"]
[Black "Shen, Terry"]
[Result "1-0"]
[WhiteElo "2152"]
[BlackElo "1813"]
[PlyCount "0"]
[EventDate "2016.06.04"]
[SourceDate ""]

1. d4 Nf6 2. c4 g6 3. Nc3 Bg7 4. e4 d6 5. h3 O-O 6. Bg5 Nbd7 7. Bd3 c5 8. d5
Ne5 9. Nge2 Nfd7 10. f4 Nxd3+ 11. Qxd3 f6 12. Bh4 g5 13. fxg5 Ne5 14. Qg3 fxg5
15. Bxg5 Nxc4 16. Bh6 Rf7 17. Nf4 Kh8 18. Ne6 Bxe6 19. dxe6 Bxh6 20. exf7 Ne3
21. Qf2 Qa5 22. g4 d5 23. exd5 Qb4 24. g5 1-0

[Event "39th Trusts Chess Open A"]
[Site "Henderson, Auckland NZL"]
[Date "2016.06.06" ]
[Round "5"]
[White "Forster, William"]
[Black "Goodhue, Nathan"]
[Result "1-0"]
[WhiteElo "2075"]
[BlackElo "2074"]
[PlyCount "0"]
[EventDate "2016.06.04"]
[SourceDate ""]

1. d4 f5 2. e4 fxe4 3. Nc3 Nf6 4. Bg5 c6 5. Bxf6 exf6 6. d5 d6 7. Nh3 Bxh3 8.
Qh5+ g6 9. Qxh3 f5 10. O-O-O Bg7 11. f3 e3 12. f4 O-O 13. dxc6 bxc6 14. Bc4+
Kh8 15. Qxe3 Qf6 16. Qf3 a6 17. Rhe1 d5 18. Bb3 Nd7 19. Rd2 Nc5 20. Qe2 d4 21.
Nd1 Ne4 22. Rd3 Rfe8 23. Qf1 a5 24. c3 c5 25. Bd5 Qd6 26. Bxa8 Rxa8 27. c4 Qa6
28. Rb3 a4 29. Rb5 Qa7 30. Qf3 Nd6 31. Re7 Qxe7 32. Qxa8+ Bf8 33. Rb8 Kg7 34.
Qxa4 d3 35. Qb3 d2+ 36. Kxd2 Ne4+ 37. Kc2 Qd6 38. Rb7+ Kh8 39. Qd3 Qxf4 40. Qd8
Qh6 41. Rb8 Kg8 42. Nc3 Ng5 43. Qd5+ Nf7 44. Qxc5 Qg7 45. Nd5 Ng5 46. Qxf8+
Qxf8 47. Rxf8+ Kxf8 48. a4 Ne6 49. b4 f4 50. Kd3 g5 51. a5 h5 52. a6 1-0

[Event "39th Trusts Chess Open A"]
[Site "Henderson, Auckland NZL"]
[Date "2016.06.06" ]
[Round "5"]
[White "Zhang, Jasmine Haomo"]
[Black "Marko, Helmut S"]
[Result "0-1"]
[WhiteElo "1859"]
[BlackElo "1993"]
[PlyCount "0"]
[EventDate "2016.06.04"]
[SourceDate ""]

1. d4 g6 2. c4 Bg7 3. e4 c5 4. d5 d6 5. Bd3 Na6 6. Ne2 Nb4 7. Nbc3 Nxd3+ 8.
Qxd3 Nf6 9. f3 Nd7 10. Qc2 a6 11. Rb1 Rb8 12. O-O b5 13. cxb5 axb5 14. Nd1 O-O
15. Ne3 Ba6 16. Re1 Qb6 17. Kh1 Rfc8 18. b3 Qa7 19. Nd1 Ne5 20. Be3 b4 21. Nf2
h5 22. f4 Ng4 23. Nxg4 hxg4 24. Qd2 Qd7 25. Rec1 Ra8 26. Rc2 Bb5 27. Rbc1 Ra3
28. Kg1 Rca8 29. Rb1 Qa7 30. Nc1 Bd4 31. Bxd4 cxd4 32. Kh1 d3 33. Nxd3 Bxd3 34.
Qxd3 Rxa2 35. Rxa2 Qxa2 36. Kg1 Rc8 37. Rf1 Rc3 38. Qb5 Qa7+ 39. Kh1 Rxb3 40.
Qc4 Rb2 41. Qc8+ Kg7 42. Qxg4 Rf2 43. Re1 b3 44. Qd1 b2 45. Qd3 Qc5 46. Rg1 Rc2
47. Qb3 Qxg1+ 48. Kxg1 Rc1+ 49. Kf2 b1=Q 0-1

[Event "39th Trusts Chess Open A"]
[Site "Henderson, Auckland NZL"]
[Date "2016.06.06" ]
[Round "5"]
[White "Macdonald, Paul"]
[Black "Fan, Allen Chi Zhou"]
[Result "1-0"]
[WhiteElo "2040"]
[BlackElo "2047"]
[PlyCount "0"]
[EventDate "2016.06.04"]
[SourceDate ""]

1. b3 c5 2. Bb2 Nc6 3. Nf3 d6 4. c4 e5 5. Nc3 f5 6. d3 g6 7. g3 Bg7 8. Bg2 Nge7
9. O-O O-O 10. e3 h6 11. Ne2 e4 12. Bxg7 exf3 13. Bxf8 fxg2 14. Kxg2 Qxf8 15.
d4 b6 16. dxc5 dxc5 17. Qd6 Bb7 18. f3 Qg7 19. Rad1 Ne5 20. Qc7 Bc6 21. Rd6 Qf7
22. Nf4 Rc8 23. Rd8+ Rxd8 24. Qxd8+ Kg7 25. Qc7 Ng4 26. Re1 g5 27. Nd5 Nxd5 28.
Qxf7+ Kxf7 29. cxd5 Bxd5 30. e4 fxe4 31. fxg4 b5 32. Kf2 Ke6 33. Ke3 Ke5 34.
Rf1 Be6 35. h3 c4 36. bxc4 bxc4 37. a3 a5 38. Rb1 Bd7 39. Rb7 Bc6 40. Re7+ Kd6
41. Rh7 Kc5 42. Rxh6 Bd5 43. Rh8 Kb5 44. Rd8 Be6 45. Kxe4 Ka4 46. Rb8 Kxa3 47.
Kd4 a4 48. Kc3 Ka2 49. Rb6 Bf7 50. h4 a3 51. h5 Ka1 52. h6 Bg8 53. Rb7 Bh7 54.
Rxh7 a2 55. Rf7 Kb1 56. Rf1# 1-0

[Event "39th Trusts Chess Open A"]
[Site "Henderson, Auckland NZL"]
[Date "2016.06.06" ]
[Round "5"]
[White "Lyall, Simon"]
[Black "Lim, Benjamin U"]
[Result "0-1"]
[WhiteElo "1988"]
[BlackElo "2037"]
[PlyCount "0"]
[EventDate "2016.06.04"]
[SourceDate ""]

1. e4 c5 2. c3 Nf6 3. e5 Nd5 4. d4 cxd4 5. Nf3 Nc6 6. cxd4 d6 7. Bc4 Nb6 8. Bb3
dxe5 9. d5 Na5 10. Nc3 Nxb3 11. Qxb3 f6 12. h3 Bf5 13. O-O Bd3 14. Rd1 Bc4 15.
Qc2 Rc8 16. Qe4 Ba6 17. Be3 Rc4 18. Qf5 Nc8 19. Nd2 Nd6 20. Qf3 Rc8 21. Bxa7
Ra8 22. Bc5 b6 23. Bxd6 exd6 24. Nde4 Be7 25. Qh5+ g6 26. Qh6 Bf8 27. Qe3 Be7
28. Na4 f5 29. Nec3 b5 30. Nxb5 Bxb5 31. Nc3 Bg5 32. Qf3 Bd7 33. a4 O-O 34. b4
e4 35. Qe2 Bf6 36. Rdc1 Qb6 37. b5 Rfc8 38. a5 Rxa5 39. Rxa5 Qxa5 40. b6 Qxb6
41. Rb1 Qc7 42. Nb5 Qc5 43. Kh1 Rb8 44. Nc3 Rxb1+ 45. Nxb1 Qc1+ 0-1

[Event "39th Trusts Chess Open A"]
[Site "Henderson, Auckland NZL"]
[Date "2016.06.06" ]
[Round "5"]
[White "Gilmour, Mark"]
[Black "Wright, Caleb"]
[Result "1/2-1/2"]
[WhiteElo "1850"]
[BlackElo "1982"]
[PlyCount "0"]
[EventDate "2016.06.04"]
[SourceDate ""]

1. d4 Nf6 2. c4 e6 3. Qc2 c5 4. Nf3 Nc6 5. e3 b6 6. Nc3 d5 7. cxd5 Nb4 8. Bb5+
Bd7 9. Bxd7+ Qxd7 10. Qe2 Nfxd5 11. Nxd5 exd5 12. Ne5 Qe6 13. a3 Nc6 14. Qb5
Rc8 15. O-O f6 16. Nxc6 Qxc6 17. Qxc6+ Rxc6 18. dxc5 Rxc5 19. Bd2 Kd7 20. Rfc1
Bd6 21. Kf1 Be5 22. Rxc5 bxc5 23. Rc1 c4 24. Bc3 Rb8 25. Bxe5 fxe5 26. Rc2 Kd6
27. f4 exf4 28. exf4 Rf8 29. Rf2 d4 30. Ke1 Kd5 31. g3 d3 32. f5 Re8+ 33. Kd2
Kd4 34. Rf4+ Re4 35. Rf2 {(=)} Kd5 36. Rg2 Ke5 37. Rf2 h5 38. Kc3 h4 39. gxh4
Re2 40. Rxe2+ dxe2 41. Kd2 Kxf5 42. Kxe2 Kg4 43. h5 Kxh5 44. Kf3 Kh4 45. Kf4
Kh3 46. Kg5 Kxh2 47. Kg6 Kg3 48. Kxg7 Kf4 49. Kf6 Ke4 50. Ke6 Kd4 51. Kd6 c3
52. bxc3+ Kxc3 53. Kc5 Kb3 54. Kb5 Kxa3 55. Ka6 1/2-1/2